000 00782nam a2200277 a 4500
003 AR-BaBNM
005 20251128203951.0
008 082120s2002 ||||||||||||||000 | spa||
020 _a950-02-7358-6
040 _cAR-BaBNM
100 1 _aCella, Susana
245 0 0 _aEnigmas y polémicas
_bpara un lector activo
250 _a1ª ed.
260 _aBuenos Aires
_bEl Ateneo
_c1995
300 _avi, 170 p.
_bil., lám.
500 _aTexto indicado para tercer año de las escuelas medias
650 4 _aLECTURA
650 4 _aENSEÑANZA DE LA LENGUA MATERNA
650 4 _aACTIVIDADES DE APRENDIZAJE
650 4 _aMATERIAL DE LECTURA
650 4 _aHABITO DE LECTURA
650 4 _aMEJORA DE LA LECTURA
653 _aEDUCACION SECUNDARIA
942 _cBK
998 _cCarmen
999 _c5644
_d5644